000 00397 a2200169 4500
001 50103
020 _a8516030652
040 _cAnchieta - Bela Vista
100 _aBranco, Samuel Murgel
240 1 0 _aA Iara e a poluição das águas
_lpor
245 1 0 _aA Iara e a poluição das águas
300 _a24
362 0 _a2002
440 1 _aModerna
650 4 _aLiteratura juvenil
942 _cBK
999 _c50103
_d50103